00580nab a2200181 uc450000100070000000500170000700800410002403500110006503500210007604000130009704100080011010000410011824500360015965000300019577301460022594200100037199900170038114106420240201125900.0971002e19970801 spa  a141064 a(OCoLC)819756045 ccomduadb aspa10aBlaese, R. Michael4auteaut948599510aTerapia genica contra el cancer aTerapia genética9733620 tInvestigación y Ciencia. Edición Española de Scientific American (Barcelona)gNúmero 251, Agosto 1997, p. 58-63w5406z0210136X03445 cARIMP c77905d77905